000 00739nam a22002057a 4500
999 _c17609
_d17609
003 AR-CdUCM
008 190509b ||||| |||| 00| 0 sps d
040 _aMUNICIPALIDAD PROVINCIAL DEL CUSCO
_cBIBLIOTECA MUNICIPAL DEL CUSCO
082 _a980 /
_bB39
100 _aBernstein, Harry
_937730
245 _aFormación de una conciencia interamericana /
260 _aMéxico :
_bLibreros Mexicanos unidos,
_c1965.
300 _a333 páginas ;
_c21 cm.
505 _aContenido : Etapas iniciales -- Conciencia histórica -- Precursores en las relaciones interamericanas.
650 _aIdentidad interamericana
_937731
650 _aContacto cultural
_937732
650 _aInterés cultural
_937733
942 _2ddc
_cLIBROS
945 _arcc